000 00408nam a2200181Ia 4500
003 0100
008 130303s9999 xx 000 0 und d
040 _cARRUPELIB
050 _aJC325.O331984
100 _aOffe, Claus
245 _aContradictions of the welfare state
260 _aCambridge MA
260 _bMIT Pr.
260 _C1984
300 _a310p
700 _aed. by John Keane
942 0 0 _01
999 _c23832
_d23832